Fundamentos de medicina : (Registro nro. 22493)

Detalles MARC
000 -LEADER
fixed length control field 01630nam a2200301 4500
001 - CONTROL NUMBER
control field 0000015370
003 - CONTROL NUMBER IDENTIFIER
control field CO-CtgCURN
005 - DATE AND TIME OF LATEST TRANSACTION
control field 20250331185206.0
007 - PHYSICAL DESCRIPTION FIXED FIELD--GENERAL INFORMATION
fixed length control field ta
008 - FIXED-LENGTH DATA ELEMENTS--GENERAL INFORMATION
fixed length control field 160627s2012 000 0 eng d
020 ## - INTERNATIONAL STANDARD BOOK NUMBER
International Standard Book Number 9789589076637
040 ## - CATALOGING SOURCE
Original cataloging agency CO-CtgCURN
Language of cataloging spa
Transcribing agency coctgcurn
082 0# - DEWEY DECIMAL CLASSIFICATION NUMBER
Classification number 616.4
Item number Or78
100 1# - MAIN ENTRY--PERSONAL NAME
Personal name Orrego M., Arturo.
245 10 - TITLE STATEMENT
Title Fundamentos de medicina :
Remainder of title endocrinología.
250 ## - EDITION STATEMENT
Edition statement 7a ed.
260 ## - PUBLICATION, DISTRIBUTION, ETC.
Place of publication, distribution, etc. Medellin :
Name of publisher, distributor, etc. CIB (Corporación para Investigaciones biologicas),
Date of publication, distribution, etc. 2012.
300 ## - PHYSICAL DESCRIPTION
Extent 663 p.
336 ## - CONTENT TYPE
Source rdacontent
337 ## - MEDIA TYPE
Source rdamedia
Media type term sin mediacion
Media type code n
338 ## - CARRIER TYPE
Source rdacarrier
Carrier type term volumen
Carrier type code nc
505 8# - FORMATTED CONTENTS NOTE
Formatted contents note Breve Introducción a la endocrinología, al laboratorio endocrino y al trasplante de pancreas en diabeticos.--Eje hipotalamo hipofisis.--Neurohipofisis.--La glandula pineal.--Glandula tiroides.--Manifestaciones clinicas de los trastornos del metabolismo del calcio y el fosforo.--Adrenales.--Desordenes del testiculo.--Endocrinología ginecologica.--Biología de la determinacion y diferenciacion sexual y alteraciones del desarrollo sexual.--Diabetes mellitus.--Sindrome hipoglucemico.--Hiperandrogenismo.--Crecimiento normal y sus trastornos.--Canceres dependientes de hormonas.--Tumores endocrinos gastroentero pancreaticos.--Manifestaciones humorales del cancer: sindromes paraneoplasticos.--Endocrinopatias multiples familiares
650 14 - SUBJECT ADDED ENTRY--TOPICAL TERM
Topical term or geographic name entry element Endocrinología.
908 ## - PUT COMMAND PARAMETER (RLIN)
Put command parameter 160627
942 ## - ADDED ENTRY ELEMENTS (KOHA)
Koha item type Libros
Classification part 616.4
Item part Or78
Source of classification or shelving scheme Dewey Decimal Classification
Existencias
Withdrawn status Lost status Source of classification or shelving scheme Damaged status Not for loan Collection Home library Current library Shelving location Date acquired Inventory number Total checkouts Full call number Barcode Date last seen Copy number Price effective from Koha item type Public note
    Dewey Decimal Classification     General Miguel Henríquez Emiliani Miguel Henríquez Emiliani General 03/31/2025 015692   616.4 Or78 015692 03/31/2025 ej.1 03/31/2025 Libros 610-CIENME
    Dewey Decimal Classification     General Miguel Henríquez Emiliani Miguel Henríquez Emiliani General 03/31/2025 015785   616.4 Or78 015785 03/31/2025 ej.2 03/31/2025 Libros 610-CIENME